000 00628 a2200181 4500
999 _c740
_d740
020 _a9780745329390 (pbk.)
050 _aKQC815 MIN 2009
100 _aCampbell, Bonnie K
_eeditor
245 _aMining in Africa:
_bregulation and development /
_cedited by Bonnie Campbell
264 _aLondon ; New York, NY :
_bPluto Press,
_c2009
300 _axii, 276 p. : maps ;
500 _aIncludes bibliographical references and index
650 _aMining law
_xAfrica
650 _aMineral industries
_xAfrica
650 _aMines and mineral resources
_xAfrica
700 _aCampbell, Bonnie K.
_eeditor
942 _2lcc
_cBK
_h815
_iMIN
_kKQC